000 00309nam a22001217a 4500
008 180920b xxu||||| |||| 00| 0 eng d
041 _aeng
080 _a721
100 _a41
101 _aNDE
245 _aSteel Constructiom Manual Of American Institute Steel Construction
_cjames,E
942 _2udc
_cBK
999 _c48137
_d48137